[Event "Besancon op"]
[Site "Besancon"]
[Date "2014.??.??"]
[Round "3"]
[White "Massrouf, Matthis"]
[Black "Zeller, Olivier"]
[Result "0-1"]
[WhiteElo "1802"]
[BlackElo "2038"]
[PlyCount "74"]
[EventDate "2014.10.29"]
[EventType "swiss"]
[EventRounds "7"]
[EventCountry "FRA"]
[SourceTitle "EXT 2016"]
[Source "ChessBase"]
[SourceDate "2015.10.08"]
[SourceVersion "1"]
[SourceVersionDate "2015.10.08"]
[SourceQuality "1"]

1. e4 e5 2. Nf3 Nc6 3. Bb5 a6 4. Ba4 Nf6 5. 0-0 b5 6. Bb3 Bb7 7. d3 Bd6 8. c3 0-0 9. Nbd2 h6 10. h3 Re8 11. Re1 Bf8 12. d4 exd4 13. cxd4 Nb4 14. e5 Nfd5 15. Nf1 a5 16. a4 bxa4 17. Bxa4 Nb6 18. Bc2 Nxc2 19. Qxc2 Bxf3 20. gxf3 Nd5 21. Bd2 Bb4 22. Qe4 Bxd2 23. Nxd2 Qg5+ 24. Kh1 Nf4 25. Rg1 Nxh3 26. Rxg5 Nxf2+ 27. Kh2 Nxe4 28. Rg2 Nxd2 29. Rxd2 c6 30. Rg2 Kf8 31. f4 Reb8 32. f5 Rb4 33. Kh3 Rxd4 34. Rag1 Rb8 35. Rxg7 Rb3+ 36. Kh2 Rd2+ 37. Kh1 Rh3# 0-1